Statistics for Countries with the coronavirus Covid-19 (map)

Click here to take the quiz!

General Stats

  • This quiz has been taken 2,071 times
    (343 since last reset)
  • The average score is 129 of 193

Answers on the Map

Answers color-coded by a green-red scale on the quiz's map according to % correct below.
 

Answer Stats

Country% Correct
United States
92%
China
87%
Russia
87%
Canada
86%
United Kingdom
81%
North Korea
80%
South Korea
80%
Mexico
79%
Australia
78%
Brazil
78%
India
78%
Japan
78%
France
76%
Iceland
75%
Mongolia
75%
Spain
75%
Ukraine
75%
Denmark
74%
Italy
74%
Sweden
74%
Finland
73%
Germany
73%
Ireland
73%
Portugal
73%
Argentina
72%
Chile
72%
Iran
72%
New Zealand
72%
South Africa
72%
Austria
71%
Colombia
71%
Egypt
71%
Iraq
71%
Kazakhstan
71%
Norway
71%
Peru
71%
Poland
71%
Thailand
71%
Vietnam
71%
Belarus
70%
Cuba
70%
Greece
70%
Indonesia
70%
Madagascar
70%
Netherlands
70%
Niger
70%
Nigeria
70%
Pakistan
70%
Philippines
70%
Saudi Arabia
70%
Turkey
70%
United Arab Emirates
70%
Vatican City
70%
Afghanistan
69%
Belgium
69%
Bolivia
69%
Croatia
69%
Dominican Republic
69%
Ecuador
69%
Israel
69%
Malaysia
69%
Nepal
69%
Oman
69%
Papua New Guinea
69%
Romania
69%
Switzerland
69%
Venezuela
69%
Yemen
69%
Bangladesh
68%
Cambodia
68%
Estonia
68%
Fiji
68%
Haiti
68%
Hungary
68%
Laos
68%
Latvia
68%
Lithuania
68%
Morocco
68%
Panama
68%
Paraguay
68%
Serbia
68%
Sri Lanka
68%
Sudan
68%
Taiwan
68%
Uruguay
68%
Azerbaijan
67%
Bhutan
67%
Democratic Republic
of the Congo
67%
Slovakia
67%
Somalia
67%
South Sudan
67%
Albania
66%
Algeria
66%
Bosnia and
Herzegovina
66%
Bulgaria
66%
Chad
66%
Costa Rica
66%
Czech Republic
66%
Dominica
66%
El salvador
66%
Ethiopia
66%
Guatemala
66%
Guyana
66%
Honduras
66%
Jamaica
66%
Jordan
66%
Libya
66%
Malta
66%
Myanmar
66%
Nicaragua
66%
Qatar
66%
San Marino
66%
Slovenia
66%
Suriname
66%
Tunisia
66%
Uzbekistan
66%
Andorra
65%
Armenia
65%
Belize
65%
Cyprus
65%
Georgia
65%
Ghana
65%
Kenya
65%
Luxembourg
65%
Moldova
65%
Monaco
65%
North Macedonia
65%
Syria
65%
Bahamas
64%
Central African Republic
64%
Comoros
64%
Eritrea
64%
Kosovo
64%
Kyrgyzstan
64%
Lesotho
64%
Mali
64%
Montenegro
64%
Republic of the Congo
64%
Singapore
64%
Tajikistan
64%
Tanzania
64%
Zambia
64%
Zimbabwe
64%
Angola
63%
Botswana
63%
Cameroon
63%
Ivory Coast
63%
Kuwait
63%
Lebanon
63%
Liberia
63%
Liechtenstein
63%
Maldives
63%
Palau
63%
Rwanda
63%
Senegal
63%
Seychelles
63%
Solomon Islands
63%
Togo
63%
Uganda
63%
Bahrain
62%
Djibouti
62%
Federated States of
Micronesia
62%
Marshall Islands
62%
Mauritania
62%
Namibia
62%
Samoa
62%
Vanuatu
62%
Antigua and Barbuda
61%
Benin
61%
Brunei
61%
Eswatini
61%
Gabon
61%
Guinea
61%
Burkina Faso
60%
Burundi
60%
East Timor
60%
Kiribati
60%
Mauritius
60%
Mozambique
60%
St Lucia
60%
Tonga
60%
Trinidad and Tobago
60%
Barbados
59%
Equatorial Guinea
59%
Gambia
59%
Guinea-Bissau
59%
Malawi
59%
São Tomé and Príncipe
59%
Sierra Leone
59%
Cape Verde
58%
Grenada
58%
Saint Kitts and Nevis
58%
Saint Vincent and the
Grenadines
58%

Score Distribution

Percentile by Number Answered

Percent of People with Each Score

Your Score History

You have not taken this quiz since the last reset